| 000 | 00805nam a2200217 4500 | ||
|---|---|---|---|
| 001 | 117500 | ||
| 003 | ES-MaACL | ||
| 007 | t| | ||
| 008 | 070214s1986 sp r ||||1| spa d | ||
| 100 | 1 |
_aPanofsky, Erwin. _988811 |
|
| 245 | 1 | 0 |
_aArquitectura gótica y pensmaiento escolástico / _cErwin Panofsky ; presentación de Francisco Calvo Serraller ; traducción de Julia Varela y Fernando Alvarez-Uría. |
| 260 |
_aMadrid : _bLa Piqueta, _c1986. |
||
| 300 |
_a140 p. : _bil. ; _c20 cm. |
||
| 490 | 1 |
_aGenealogía del poder ; _v12 |
|
| 700 |
_aCalvo Serraller, Francisco, _d1948-2018 _9235031 |
||
| 700 | 1 |
_aVarela, Julia. _9113140 |
|
| 700 | 1 |
_aAlvarez-Uría, Fernando _9179408 |
|
| 830 | 0 |
_aGenealogía del poder ; _v12 _9179409 |
|
| 852 |
_aES-MaACL _jL-9975 |
||
| 999 |
_c117500 _d117500 |
||